[Event "Airthings Masters Div 2 W"]
[Site "chess.com INT"]
[Date "2023.02.08"]
[Round "3.1"]
[White "Yakubboev, Nodirbek"]
[Black "Caruana, Fabiano"]
[Result "1/2-1/2"]
[WhiteTitle "GM"]
[BlackTitle "GM"]
[WhiteElo "2630"]
[BlackElo "2766"]
[WhiteFideId "14203987"]
[BlackFideId "2020009"]
[EventDate "2023.02.06"]

1. c4 c5 2. Nc3 g6 3. g3 Bg7 4. Bg2 Nc6 5. Nf3 d6 6. O-O Nh6 7. d4 cxd4 8. Nxd4
Nxd4 9. Bxh6 Bxh6 10. Qxd4 O-O 11. Rfd1 Bg7 12. Qd2 Be6 13. b3 Rb8 14. Rac1 a6
15. Nd5 Bxd5 16. Qxd5 b6 17. b4 Qc7 18. h4 Rfd8 19. Qd3 Rbc8 20. h5 e6 21. Qe3
a5 22. a3 Qa7 23. Be4 axb4 24. axb4 Rb8 25. Kg2 Qe7 26. Bc6 Qf6 27. hxg6 hxg6
28. Rd3 Qe5 29. Qd2 Rbc8 30. b5 Qc5 31. Qf4 Be5 32. Qh6 Bg7 33. Qf4 Be5 34. Qh6
Bg7 35. Qh4 Kf8 36. Rcd1 Qe5 37. Re3 Qf6 38. Qe4 Qf5 39. Qxf5 gxf5 40. Ra3 Bf6
41. Ra7 Rb8 42. Rd3 Kg7 43. e3 Kg6 44. Rda3 d5 45. cxd5 exd5 46. Rd3 d4 47. e4
fxe4 48. Bxe4+ Kg7 49. Bc6 Rd6 50. f4 Re6 51. g4 Re7 52. Rxe7 Bxe7 53. Rxd4 Rd8
54. Re4 Bc5 55. g5 f6 56. Kf3 fxg5 57. fxg5 Rd3+ 58. Ke2 Rg3 59. Re5 Bd4 60. Rd5
Bc5 61. Re5 Bd4 62. Rd5 Bc5 63. Bd7 Be7 64. Re5 Bxg5 65. Re6 Bd8 66. Bc6 1/2-1/2

[Event "Airthings Masters Div 2 W"]
[Site "chess.com INT"]
[Date "2023.02.08"]
[Round "3.2"]
[White "Caruana, Fabiano"]
[Black "Yakubboev, Nodirbek"]
[Result "1-0"]
[WhiteTitle "GM"]
[BlackTitle "GM"]
[WhiteElo "2766"]
[BlackElo "2630"]
[WhiteFideId "2020009"]
[BlackFideId "14203987"]
[EventDate "2023.02.06"]

1. d4 Nf6 2. c4 e6 3. Nf3 d5 4. Nc3 Bb4 5. Qa4+ Nc6 6. e3 O-O 7. Qc2 Bxc3+ 8.
Qxc3 Ne4 9. Qc2 e5 10. Nxe5 Nb4 11. Qd1 Qf6 12. Nf3 Bf5 13. a3 Nc3 14. bxc3 Nc2+
15. Kd2 Nxa1 16. Bb2 Nc2 17. cxd5 Qb6 18. Qc1 Rfe8 19. Be2 Qh6 20. Qg1 Rad8 21.
c4 Qb6 22. Qc1 Qb3 23. g4 Be4 24. Rf1 b5 25. cxb5 Rxd5 26. Ne1 Nxe1 27. Rxe1
Rxb5 28. Bxb5 Qxb5 29. Qc3 Re6 30. a4 Qa6 31. d5 Rf6 32. f4 h6 33. h4 Rg6 34. g5
hxg5 35. h5 Rf6 36. Rg1 Kf8 37. Qb4+ Rd6 38. Qxe4 Qa5+ 39. Ke2 Rxd5 40. Bd4 c6
41. Rxg5 Rxg5 42. fxg5 Qxg5 43. Qxc6 Qxh5+ 44. Kd2 Qa5+ 45. Bc3 Qd8+ 46. Kc2 Kg8
47. a5 Qe7 48. Bd4 Qb4 49. Qc8+ Kh7 50. Qc3 Qa4+ 51. Kd2 Qa2+ 52. Qc2+ Qxc2+ 53.
Kxc2 a6 54. Kd3 g5 55. e4 Kg6 56. Kc4 f5 57. e5 f4 58. Kd5 f3 59. e6 g4 60. Kd6
g3 61. e7 1-0

[Event "Airthings Masters Div 2 W"]
[Site "chess.com INT"]
[Date "2023.02.08"]
[Round "3.3"]
[White "Yakubboev, Nodirbek"]
[Black "Caruana, Fabiano"]
[Result "0-1"]
[WhiteTitle "GM"]
[BlackTitle "GM"]
[WhiteElo "2630"]
[BlackElo "2766"]
[WhiteFideId "14203987"]
[BlackFideId "2020009"]
[EventDate "2023.02.06"]

1. c4 c5 2. Nc3 g6 3. g3 Bg7 4. Bg2 Nc6 5. Nf3 d6 6. O-O Bf5 7. d3 Qd7 8. Nd5
Nf6 9. Bg5 Nxd5 10. cxd5 Nd4 11. Nd2 h6 12. Be3 O-O 13. a4 Bg4 14. Bxd4 Bxd4 15.
Nc4 Kg7 16. Qd2 h5 17. e3 Bf6 18. f3 Bh3 19. Bxh3 Qxh3 20. Qg2 Qd7 21. f4 Rab8
22. Ra3 b6 23. e4 Bd4+ 24. Kh1 a6 25. f5 g5 26. Qd2 Bf6 27. Rfa1 Rh8 28. Qc1 h4
29. g4 h3 30. R1a2 Rh4 31. Qd1 b5 32. axb5 axb5 33. Nd2 Qc7 34. Ra7 Rb7 35. Rxb7
Qxb7 36. b3 c4 37. dxc4 Qb6 38. Nf1 bxc4 39. bxc4 Qb4 40. Ng3 Rxg4 41. Rf2 Rh4
42. Qd3 Qb6 43. Qf3 Kg8 44. Qe2 Be5 45. f6 exf6 46. Rf1 Qd4 47. Re1 Rf4 48. Qh5
Qf2 49. Rg1 Rh4 50. Qd1 Rxe4 0-1

[Event "Airthings Masters Div 2 W"]
[Site "chess.com INT"]
[Date "2023.02.09"]
[Round "4.1"]
[White "Yu, Yangyi"]
[Black "Caruana, Fabiano"]
[Result "0-1"]
[WhiteTitle "GM"]
[BlackTitle "GM"]
[WhiteElo "2729"]
[BlackElo "2766"]
[WhiteFideId "8603820"]
[BlackFideId "2020009"]
[EventDate "2023.02.06"]

1. Nf3 d5 2. b3 Bf5 3. Bb2 e6 4. d3 h6 5. Nbd2 Nf6 6. g3 Be7 7. Bg2 O-O 8. O-O
Bh7 9. c4 c6 10. Qc2 Nbd7 11. a3 a5 12. Bc3 Bd6 13. Qb2 Qe7 14. Ne5 Nxe5 15.
Bxe5 Bxe5 16. Qxe5 Nd7 17. Qb2 b5 18. cxb5 cxb5 19. Rfc1 Rfc8 20. Nf3 b4 21. Nd4
bxa3 22. Qxa3 Qxa3 23. Rxc8+ Rxc8 24. Rxa3 Rc5 25. f4 g5 26. Kf2 Kg7 27. Ra4 Nb6
28. Ra2 Kf6 29. Ke3 Nc8 30. Kd2 Nd6 31. Rc2 Rxc2+ 32. Kxc2 gxf4 33. gxf4 Nf5 34.
Kc3 Nxd4 35. Kxd4 Kf5 36. e4+ Kxf4 37. exd5 exd5 38. Bxd5 f5 39. Be6 Kg5 40. Ke5
f4 41. d4 f3 42. d5 f2 43. Bh3 Bc2 44. d6 Bf5 45. Bf1 Bd7 46. Be2 Kg6 47. Bd3+
Kf7 48. Bc4+ Ke8 49. Bf1 Bg4 50. Kd4 Bd1 51. Ke3 Bxb3 52. Bb5+ Kd8 53. Kxf2 a4
54. Bxa4 Bxa4 55. Kf3 Kd7 56. Kg4 Bd1+ 57. Kf5 Kxd6 0-1

[Event "Airthings Masters Div 2 W"]
[Site "chess.com INT"]
[Date "2023.02.09"]
[Round "4.2"]
[White "Caruana, Fabiano"]
[Black "Yu, Yangyi"]
[Result "1/2-1/2"]
[WhiteTitle "GM"]
[BlackTitle "GM"]
[WhiteElo "2766"]
[BlackElo "2729"]
[WhiteFideId "2020009"]
[BlackFideId "8603820"]
[EventDate "2023.02.06"]

1. e4 d6 2. d4 Nf6 3. Nc3 e5 4. Nf3 Nbd7 5. Bc4 Be7 6. O-O O-O 7. a4 c6 8. a5 h6
9. Re1 Re8 10. h3 Qc7 11. d5 b5 12. axb6 Nxb6 13. Bb3 cxd5 14. exd5 Bd7 15. Qe2
a5 16. Be3 Reb8 17. Ra2 a4 18. Bxb6 Rxb6 19. Rea1 Rb4 20. Nxa4 Bxa4 21. Rxa4
Raxa4 22. Rxa4 Rxa4 23. Bxa4 Nxd5 24. Bb3 Nf6 25. Nh2 h5 26. Nf3 e4 27. Nd2 d5
28. c4 Qe5 29. cxd5 Qxb2 30. Bd1 Qa1 31. Nf1 Bc5 32. d6 Bxd6 33. Bb3 Qa7 34. Qa2
Qxa2 35. Bxa2 Bc5 36. Bb1 g6 37. Ng3 e3 38. fxe3 Bxe3+ 39. Kf1 Kg7 40. Ne4 Nd7
41. Ke2 Bb6 42. Ng5 Bd8 43. Nf3 f5 44. Bc2 Kf6 45. Kf1 Bc7 46. Kf2 Nc5 47. Ke2
Ne6 48. Kf2 Nf4 49. Kf1 Nd5 50. Kg1 Ne3 51. Ba4 g5 52. Nd2 Bb6 53. Kh1 g4 54.
hxg4 hxg4 55. Bb5 Ba7 56. Nf1 Nc2 57. g3 Ne1 58. Bd7 Kg5 59. Bc8 Bb6 60. Kh2
Nf3+ 61. Kg2 Ne1+ 62. Kh2 Bc5 63. Kh1 Bf2 64. Kh2 Kf6 65. Kh1 Ke5 66. Kh2 Ba7
67. Kh1 Nc2 68. Kg2 Bc5 69. Kh1 Kf6 70. Kg2 Nb4 71. Kh1 Nd5 72. Kg2 Nb6 73. Ba6
Ke5 74. Bd3 Nd5 75. Ba6 Ba7 76. Kh1 Bb6 77. Kg2 Nf6 78. Bc8 Nd5 79. Kh1 Kf6 80.
Kg2 Kg5 81. Kh1 Bc7 82. Kg2 Ne7 83. Ba6 Ng6 84. Bc8 f4 85. gxf4+ Nxf4+ 86. Kh1
Bb6 87. Bd7 Kh4 88. Nh2 g3 89. Nf3+ Kh5 90. Ne1 Bf2 91. Ng2 Nd3 92. Bb5 Ne5 93.
Nf4+ Kh4 94. Nd3 Ng4 95. Nxf2 Nxf2+ 96. Kg2 Kg4 97. Bc6 Kf4 98. Ba8 Ng4 99. Bb7
Ne3+ 100. Kg1 Nc4 101. Ba8 Nd6 102. Kg2 Nf5 103. Kg1 Nh4 104. Bb7 Ng6 105. Ba8
Ne5 106. Bb7 Nd3 107. Ba8 Nc1 108. Bb7 Ne2+ 109. Kg2 Nd4 110. Kg1 Nf5 111. Ba8
Kg5 112. Bb7 Nh4 113. Ba8 Ng6 114. Bb7 Nf4 115. Ba8 Kg4 116. Bb7 Kh4 117. Ba8
Kh3 118. Bb7 Ne2+ 119. Kf1 Nc3 120. Kg1 Ne2+ 121. Kf1 Nf4 122. Kg1 g2 123. Bxg2+ 1/2-1/2

[Event "Airthings Masters Div 2 W"]
[Site "chess.com INT"]
[Date "2023.02.09"]
[Round "4.3"]
[White "Yu, Yangyi"]
[Black "Caruana, Fabiano"]
[Result "0-1"]
[WhiteTitle "GM"]
[BlackTitle "GM"]
[WhiteElo "2729"]
[BlackElo "2766"]
[WhiteFideId "8603820"]
[BlackFideId "2020009"]
[EventDate "2023.02.06"]

1. e4 e5 2. Nf3 Nc6 3. Bb5 a6 4. Ba4 Nf6 5. d3 b5 6. Bb3 Bc5 7. Bg5 h6 8. Bh4
Be7 9. a4 Rb8 10. axb5 axb5 11. Nbd2 d6 12. Nf1 O-O 13. Bxf6 Bxf6 14. Ne3 Ne7
15. h4 Ng6 16. g3 c6 17. Nh2 d5 18. Qh5 Ne7 19. Nhg4 Qd6 20. O-O d4 21. Nxf6+
Qxf6 22. Ng4 Bxg4 23. Qxg4 c5 24. f4 Qc6 25. Ra7 Rbe8 26. Rfa1 c4 27. dxc4 Qxe4
28. cxb5 Nf5 29. Qg6 Kh8 30. Bxf7 exf4 31. Bxe8 Qe3+ 32. Kh1 Qf3+ 33. Kg1 fxg3
34. Rf1 Qe3+ 35. Kh1 Qe2 36. Qxg7+ Nxg7 37. Rxf8+ Kh7 0-1

[Event "Airthings Masters Div 2 W"]
[Site "chess.com INT"]
[Date "2023.02.10"]
[Round "5.1"]
[White "Caruana, Fabiano"]
[Black "Yu, Yangyi"]
[Result "1-0"]
[WhiteTitle "GM"]
[BlackTitle "GM"]
[WhiteElo "2766"]
[BlackElo "2729"]
[WhiteFideId "2020009"]
[BlackFideId "8603820"]
[EventDate "2023.02.06"]

1. e4 e5 2. Nf3 Nc6 3. Bb5 a6 4. Ba4 Bc5 5. c3 Nge7 6. d4 exd4 7. cxd4 Bb4+ 8.
Bd2 Bxd2+ 9. Nbxd2 d5 10. e5 O-O 11. O-O Bg4 12. h3 Bh5 13. Bxc6 Nxc6 14. Qb3
Qd7 15. Rac1 Nd8 16. Qe3 Bxf3 17. Nxf3 Ne6 18. Ng5 h6 19. Nxe6 fxe6 20. f4 Rf7
21. Rf3 Raf8 22. Rcf1 Qa4 23. a3 Qb5 24. b3 b6 25. Rc1 a5 26. Kh2 Qd7 27. a4 Kh8
28. Rc2 Kg8 29. Qc1 Qe7 30. Rc6 Kh8 31. Qc2 Qb4 32. Qf2 Qe7 33. Qc2 Qb4 34. Qf2
Qe7 35. Qg3 Kh7 36. Qg4 Rf5 37. Rg3 Qf7 38. Qd1 Rxf4 39. Qc2+ Qf5 40. Qxf5+
R8xf5 41. Rxc7 Rf7 42. Rc6 Rxd4 43. Rxe6 Rb4 44. Rd6 Re7 45. Rxd5 Re4 46. Rd6
R7xe5 47. Rxb6 Re3 48. Rb5 Rxb5 49. Rxe3 Rc5 50. Kg3 Kg6 51. Kf4 Kf6 52. Ke4 Rc2
53. g3 h5 54. h4 Rc1 55. Kd4 g6 56. Rc3 Rf1 57. Kc5 g5 58. Kb5 gxh4 59. gxh4
Rf5+ 60. Rc5 Rf3 61. Rxh5 Rxb3+ 62. Kxa5 Ke6 63. Rb5 Rh3 64. h5 Kd7 65. Kb6 Kc8
66. Rg5 Rb3+ 67. Kc6 Rc3+ 68. Kd6 Rd3+ 69. Ke6 Re3+ 70. Kf6 Rf3+ 71. Kg7 1-0

[Event "Airthings Masters Div 2 W"]
[Site "chess.com INT"]
[Date "2023.02.10"]
[Round "5.2"]
[White "Yu, Yangyi"]
[Black "Caruana, Fabiano"]
[Result "1-0"]
[WhiteTitle "GM"]
[BlackTitle "GM"]
[WhiteElo "2729"]
[BlackElo "2766"]
[WhiteFideId "8603820"]
[BlackFideId "2020009"]
[EventDate "2023.02.06"]

1. Nf3 d5 2. g3 g6 3. Bg2 Bg7 4. d4 Nf6 5. c4 c6 6. Qa4 O-O 7. O-O Nbd7 8. cxd5
Nb6 9. Qb3 cxd5 10. Bf4 Bd7 11. Nc3 Rc8 12. Ne5 e6 13. h4 Bc6 14. Rfd1 Nc4 15.
e4 Qa5 16. exd5 exd5 17. Rac1 Nh5 18. Bg5 h6 19. Be7 Rfe8 20. Bb4 Qd8 21. Nxd5
Bxd5 22. Nxc4 Bxg2 23. Kxg2 Qd5+ 24. Qf3 Nf6 25. Nd6 Rxc1 26. Rxc1 Rd8 27. Rc8
Rxc8 28. Nxc8 Qxa2 29. Ne7+ Kh7 30. b3 Qc2 31. d5 Qe4 32. Qxe4 Nxe4 33. d6 Nf6
34. Nc8 Nd7 35. Nxa7 f5 36. Nc8 h5 37. Kf3 Bd4 38. Ke2 Kg7 39. Ne7 Kf7 40. Nd5
Ke6 41. Nf4+ Kf7 42. Nd5 Ke6 43. Nc7+ Kf7 44. Nb5 Bb6 45. Bd2 Ke6 46. Be3 Ba5
47. Bf4 Nc5 48. Nd4+ Kd5 49. Nf3 Nxb3 50. d7 Nc5 51. Ne5 Ke6 52. Nxg6 Nxd7 53.
Bg5 Bc7 54. Bf4 Kf6 55. Bxc7 Kxg6 56. Ke3 Nf6 57. Bd6 b5 58. f3 Kf7 59. Kf4 Ke6
60. Ba3 b4 61. Bb2 Nd7 62. Kg5 Ne5 63. f4 Nc4 64. Ba1 b3 65. Kxh5 Kf7 66. Kg5 b2
67. Bxb2 Nxb2 68. Kxf5 Nc4 69. g4 Ne3+ 70. Kg5 Kg7 71. f5 Nd5 72. h5 Kf7 73. h6
Kg8 74. f6 Ne3 75. Kf4 Ng2+ 76. Ke5 Nh4 77. g5 Ng6+ 78. Ke6 Kf8 79. h7 Nh8 80.
f7 Kg7 81. f8=Q+ Kxf8 82. Kf6 Nf7 83. g6 1-0

[Event "Airthings Masters Div 2 W"]
[Site "chess.com INT"]
[Date "2023.02.10"]
[Round "5.3"]
[White "Caruana, Fabiano"]
[Black "Yu, Yangyi"]
[Result "1-0"]
[WhiteTitle "GM"]
[BlackTitle "GM"]
[WhiteElo "2766"]
[BlackElo "2729"]
[WhiteFideId "2020009"]
[BlackFideId "8603820"]
[EventDate "2023.02.06"]

1. e4 e5 2. Nf3 Nc6 3. Bb5 a6 4. Ba4 Nf6 5. O-O Nxe4 6. d4 Be7 7. Re1 b5 8. Rxe4
d5 9. Nxe5 Nxe5 10. Rxe5 bxa4 11. Nc3 O-O 12. Re1 Bd6 13. h3 a3 14. bxa3 c6 15.
Qf3 Qh4 16. Ne2 Re8 17. Bf4 Bf8 18. Ng3 Bd7 19. Rxe8 Rxe8 20. Rb1 Qf6 21. Rb7
Bc8 22. Rc7 Qxd4 23. Bd6 Be6 24. Bxf8 Rxf8 25. Rxc6 Qa1+ 26. Kh2 Qxa2 27. Nh5
Qb2 28. Qg3 Kh8 29. Rb6 Qa1 30. Rb1 Qd4 31. c3 1-0

[Event "Airthings Masters Div 2 W"]
[Site "chess.com INT"]
[Date "2023.02.10"]
[Round "5.4"]
[White "Yu, Yangyi"]
[Black "Caruana, Fabiano"]
[Result "1/2-1/2"]
[WhiteTitle "GM"]
[BlackTitle "GM"]
[WhiteElo "2729"]
[BlackElo "2766"]
[WhiteFideId "8603820"]
[BlackFideId "2020009"]
[EventDate "2023.02.06"]

1. Nf3 Nf6 2. g3 c5 3. Bg2 Nc6 4. O-O e5 5. e4 Be7 6. d3 O-O 7. Nc3 d6 8. h3 Ne8
9. Nd2 Nc7 10. Nc4 f5 11. f4 fxe4 12. dxe4 Kh8 13. Ne3 exf4 14. gxf4 Bf6 15.
Ncd5 Nxd5 16. Nxd5 Bd4+ 17. Kh2 g6 18. c3 Bg7 19. Be3 Be6 20. b4 b6 21. bxc5
bxc5 22. Rb1 Qd7 23. Qd3 Rab8 24. a4 Ne7 25. Nxe7 Qxe7 26. a5 Rbd8 27. a6 Rd7
28. Rb7 Rxb7 29. axb7 Qxb7 30. Qxd6 Qb6 31. Qxc5 Qxc5 32. Bxc5 Rc8 33. Bxa7 Bxc3
34. Rd1 Kg8 35. Bf3 Kf7 36. Kg3 Bf6 37. Rd3 Rc2 38. Bg4 h5 39. Bxe6+ Kxe6 40.
Bf2 g5 41. fxg5 Bxg5 42. Rd5 h4+ 43. Kf3 Be7 44. Rh5 Rc3+ 45. Kg4 Rc4 46. Kf3
Rc3+ 47. Be3 Rb3 48. Ke2 Rb2+ 49. Kf3 Rh2 50. Rh6+ Kd7 51. Kg4 Re2 52. Bf4 Rxe4
53. Kf5 Ra4 54. Rh7 Ke8 55. Be5 Ra6 56. Bf4 Ra5+ 57. Ke6 Ra6+ 58. Kf5 Ra5+ 59.
Kg6 Ra6+ 60. Kf5 1/2-1/2